000
00278nam a22001217a 4500
008
180115b xxu||||| |||| 00| 0 eng d
041
_a
eng
080
_a
574
100
_a
5
101
_a
BIO
245
_a
BIOCHEMISTRY OF PHENOLIC COMPOUNDS
_c
HARBORNE.J.B
942
_2
udc
_c
BK
999
_c
40288
_d
40288